|
|
|
|
| LEADER |
01582nam a2200361 a 4500 |
| 001 |
35300 |
| 003 |
BD-DhAAL |
| 005 |
20190911102918.0 |
| 008 |
190909t2004 caua b 001 0 eng |
| 999 |
|
|
|c 41172
|d 41172
|
| 010 |
|
|
|a 2004104806
|
| 020 |
|
|
|a 0761944737
|
| 035 |
|
|
|a (DLC) 2004104806
|
| 040 |
|
|
|a DLC
|c DLC
|d DLC
|d BD-DhAAL
|
| 042 |
|
|
|a pcc
|
| 050 |
0 |
0 |
|a LB2395
|b .L39 2004
|
| 082 |
0 |
0 |
|a 428.40711
|2 22
|
| 245 |
0 |
0 |
|a Learning to read critically in language and literacy /
|c edited by Andrew Goodwyn and Andrew Stables.
|
| 246 |
3 |
0 |
|a Language and literacy
|
| 260 |
|
|
|a Thousand Oaks, CA :
|b SAGE Publications,
|c 2004.
|
| 300 |
|
|
|a x, 238 pages :
|b illustrations ;
|c 24 cm.
|
| 490 |
|
|
|a Learning to read critically series
|
| 504 |
|
|
|a Includes bibliographical references and index.
|
| 526 |
|
|
|a BIED
|
| 541 |
|
|
|a Complimentary copy from BIED
|e 35300, 35382
|
| 650 |
|
0 |
|a Language arts (Higher)
|9 34291
|
| 650 |
|
0 |
|a Reading (Higher education)
|9 34292
|
| 700 |
1 |
|
|a Goodwyn, Andrew,
|d 1954-
|9 34293
|
| 700 |
1 |
|
|a Stables, Andrew,
|d 1956-
|9 34294
|
| 852 |
|
|
|a Ayesha Abed Library
|c General Stacks
|
| 942 |
|
|
|2 ddc
|c BK
|
| 952 |
|
|
|0 0
|1 0
|2 ddc
|4 0
|6 428_407110000000000_LEA
|7 0
|9 66204
|a BRACUL
|b BRACUL
|c GEN
|d 2019-09-09
|e Complimentary copy from BIED
|l 0
|o 428.40711 LEA
|p 3010035300
|r 2019-09-09
|t 1
|w 2019-09-09
|y BK
|x Transferred from BIED to General Stacks
|
| 952 |
|
|
|0 0
|1 0
|2 ddc
|4 0
|6 428_407110000000000_LEA
|7 0
|9 66219
|a BRACUL
|b BRACUL
|c GEN
|d 2019-09-11
|e Complimentary copy from BIED
|l 0
|o 428.40711 LEA
|p 3010035382
|r 2019-09-11
|t 2
|w 2019-09-09
|y BK
|x Transferred from BIED to General Stacks
|